[Event "Online Olym Top DivD 2021"]
[Site "chess.com INT"]
[Date "2021.09.10"]
[Round "8.2"]
[Board "3"]
[White "Onur, Cigdem"]
[Black "Lanchava, Tea"]
[Result "1-0"]
[WhiteTitle "WCM"]
[BlackTitle "IM"]
[WhiteElo "2015"]
[BlackElo "2214"]
[WhiteTeam "Turkey"]
[BlackTeam "Netherlands"]
[WhiteFideId "6346030"]
[BlackFideId "1005308"]
[EventDate "2021.09.08"]
[EventType "team"]

1. e4 c6 2. d4 g6 3. c4 Bg7 4. Nc3 d6 5. Be3 e5 6. Nge2 Nh6 7. Qd2 Ng4 8. Bg5 f6
9. Bh4 O-O 10. h3 Nh6 11. d5 c5 12. g4 Nf7 13. Bg2 a6 14. O-O Qe8 15. a4 g5 16.
Bg3 Nh8 17. Nd1 h5 18. f3 b6 19. Ne3 Ng6 20. Nf5 Qd8 21. Be1 Rf7 22. gxh5 Bxf5
23. exf5 Ne7 24. Qd3 Qd7 25. Ng3 Ra7 26. Rf2 Rb7 27. Rc2 b5 28. axb5 axb5 29. b3
Rf8 30. Rca2 Re8 31. Bf1 Bh6 32. cxb5 Rxb5 33. Qxb5 Qc8 34. Ra8 Kh8 35. R1a7
Nxd5 36. Rb7 1-0

[Event "Online Olym Top DivD 2021"]
[Site "chess.com INT"]
[Date "2021.09.10"]
[Round "8.2"]
[Board "4"]
[White "Keetman, Maaike"]
[Black "Sahin, Hayrun Nisa"]
[Result "1-0"]
[WhiteTitle "WFM"]
[BlackTitle "WCM"]
[WhiteElo "2136"]
[BlackElo "2019"]
[WhiteTeam "Netherlands"]
[BlackTeam "Turkey"]
[WhiteFideId "1033697"]
[BlackFideId "6380875"]
[EventDate "2021.09.08"]
[EventType "team"]

1. e4 c5 2. Nf3 d6 3. d4 cxd4 4. Nxd4 Nf6 5. Nc3 g6 6. Be3 Bg7 7. f3 Nc6 8. Qd2
Bd7 9. g4 O-O 10. h4 h5 11. Be2 hxg4 12. h5 Nxh5 13. Nxc6 Bxc6 14. Bh6 f5 15.
fxg4 Ng3 16. Bxg7 Kxg7 17. Qh6+ Kf7 18. gxf5 gxf5 19. Qh7+ Ke8 20. Qg6+ Kd7 21.
Qxg3 f4 22. Qg4+ Kc7 23. O-O-O e5 24. Rh7+ Kb8 25. Bb5 1-0

[Event "Online Olym Top DivD 2021"]
[Site "chess.com INT"]
[Date "2021.09.10"]
[Round "8.2"]
[Board "5"]
[White "Gurel, Ediz"]
[Black "Kevlishvili, Robby"]
[Result "1-0"]
[WhiteTitle "FM"]
[BlackTitle "GM"]
[WhiteElo "2353"]
[BlackElo "2506"]
[WhiteTeam "Turkey"]
[BlackTeam "Netherlands"]
[WhiteFideId "44507356"]
[BlackFideId "1040634"]
[EventDate "2021.09.08"]
[EventType "team"]

1. e4 c5 2. Nf3 d6 3. d4 cxd4 4. Nxd4 Nf6 5. Nc3 a6 6. Be3 e5 7. Nf3 Qc7 8. a4
Be7 9. a5 O-O 10. Be2 Be6 11. O-O Qc6 12. Ng5 Nbd7 13. Qd3 Rac8 14. Nxe6 fxe6
15. Rfd1 Kh8 16. Bf3 Nc5 17. Qc4 Ng8 18. Bxc5 Qxc5 19. Qxe6 Bh4 20. Rd2 Rf6 21.
Qg4 Rf4 22. Qe6 Rd8 23. Nd5 Rff8 24. c3 Bg5 25. Rd3 Qb5 26. Nb4 Rf6 27. Qd5 Qd7
28. Rad1 Qc7 29. Qa2 Rff8 30. Nd5 Qc6 31. Qb3 g6 32. Qb6 Qc8 33. Nb4 Be7 34. Nd5
Bg5 35. Ne3 Be7 36. Bg4 Qc6 37. Qxc6 bxc6 38. Nc4 Nf6 39. Bf3 Rb8 40. R3d2 Ne8
41. b4 h5 42. Nb6 Rd8 43. Be2 Nc7 44. Bc4 Kg7 45. g3 Rf6 46. Kg2 g5 47. f3 Kg6
48. Be2 Rff8 49. Rc2 Rh8 50. Nc4 Rhf8 51. Ne3 Rf6 52. Rcd2 Bf8 53. Bc4 g4 54.
fxg4 Bh6 55. gxh5+ Kxh5 56. Re2 Bxe3 57. Rxe3 Rdf8 58. Rd2 Kg5 59. Red3 Rd8 60.
h4+ Kg6 61. Bb3 Nb5 62. Bc4 Nc7 63. Kh3 Kg7 64. Kg2 d5 65. exd5 e4 66. Rd4 cxd5
67. Bb3 Rfd6 68. c4 e3 69. Re2 dxc4 70. Rxd6 Rxd6 71. Bxc4 Rd4 72. Rc2 Rd2+ 73.
Rxd2 exd2 74. Be2 Nd5 75. Kf3 Nxb4 76. Ke3 Nc6 77. Kxd2 Nxa5 78. Bxa6 Nc6 79.
Ke3 Ne7 80. Bd3 Kf6 81. g4 Ke5 82. g5 Nd5+ 83. Kf3 Nf4 84. Bc2 Nd5 85. h5 Nf4
86. h6 Ne6 87. Kg4 Nf8 88. h7 1-0

[Event "Online Olym Top DivD 2021"]
[Site "chess.com INT"]
[Date "2021.09.10"]
[Round "8.2"]
[Board "6"]
[White "Roebers, Eline"]
[Black "Can, Isil"]
[Result "1-0"]
[BlackTitle "WCM"]
[WhiteElo "2297"]
[BlackElo "1945"]
[WhiteTeam "Netherlands"]
[BlackTeam "Turkey"]
[WhiteFideId "1058401"]
[BlackFideId "34505733"]
[EventDate "2021.09.08"]
[EventType "team"]

1. e4 e5 2. Nf3 Nc6 3. Bc4 Bc5 4. c3 Nf6 5. d4 exd4 6. e5 d5 7. Bb5 Ne4 8. cxd4
Bb6 9. Nc3 Bg4 10. Be3 O-O 11. h3 Bh5 12. Qc2 Bg6 13. Qb3 Ne7 14. O-O c6 15. Bd3
Nxc3 16. Qxc3 Nf5 17. Qc2 Qd7 18. Rae1 Rae8 19. Kh1 h6 20. g4 Nxe3 21. fxe3 Bxd3
22. Qxd3 Bd8 23. Qf5 Qe7 24. Qh5 Qe6 25. Re2 f5 26. g5 hxg5 27. Nxg5 Bxg5 28.
Qxg5 g6 29. Rg2 Kg7 30. Rfg1 Rh8 31. Qxg6+ Qxg6 32. Rxg6+ Kf7 33. Kh2 Rh7 34.
Rf6+ Ke7 35. Rxf5 Reh8 36. Rf3 1-0

[Event "Online Olym Top DivD 2021"]
[Site "chess.com INT"]
[Date "2021.09.10"]
[Round "8.3"]
[Board "2"]
[White "El Debs, Felipe de Cresce"]
[Black "Cruz, Cristhian"]
[Result "1-0"]
[WhiteTitle "GM"]
[BlackTitle "GM"]
[WhiteElo "2553"]
[BlackElo "2581"]
[WhiteTeam "Brazil"]
[BlackTeam "Peru"]
[WhiteFideId "2106981"]
[BlackFideId "3801969"]
[EventDate "2021.09.08"]
[EventType "team"]

1. d4 d5 2. c4 e6 3. Nf3 a6 4. cxd5 exd5 5. Nc3 Nf6 6. Bg5 Be6 7. e3 Nbd7 8. Bd3
Bd6 9. O-O c6 10. Bf4 Qc7 11. Bxd6 Qxd6 12. h3 O-O 13. Rc1 Rfe8 14. Qc2 h6 15.
Rfd1 Nf8 16. Na4 Re7 17. Qc5 Qd8 18. Qb6 Qc8 19. Ne5 N6d7 20. Qb4 Re8 21. Nxd7
Nxd7 22. Qd6 Qb8 23. Qxb8 Raxb8 24. g4 Kf8 25. f4 f6 26. Kf2 Ke7 27. a3 Kd6 28.
Be2 Rec8 29. Bf3 Rc7 30. Nc3 Rd8 31. e4 g5 32. e5+ fxe5 33. dxe5+ Ke7 34. f5
Nxe5 35. fxe6 Kxe6 36. Bg2 Rf7+ 37. Kg3 Re7 38. Ne2 Rf8 39. Nd4+ Kd7 40. Nf5 Re6
41. Bxd5 cxd5 42. Rxd5+ Ke8 43. Ng7+ Kf7 44. Nxe6 Kxe6 45. Rd2 Rf3+ 46. Kg2 Re3
47. Rc7 Ng6 48. Rxb7 Nf4+ 49. Kf1 Rxh3 50. Rd8 h5 51. gxh5 g4 52. Re8+ Kd5 53.
Rd7+ Kc6 54. Rd4 Rf3+ 55. Ke1 g3 56. Rg8 g2 57. Rxf4 Rxf4 58. Rxg2 Rh4 59. Rg6+
Kb5 60. h6 Rh2 61. b3 Rh3 62. Kf2 Rxb3 63. Rg3 Rb2+ 64. Kg1 Rb1+ 65. Kh2 1-0

[Event "Online Olym Top DivD 2021"]
[Site "chess.com INT"]
[Date "2021.09.10"]
[Round "8.3"]
[Board "3"]
[White "Chumpitaz, Ann"]
[Black "Terao, Juliana Sayumi"]
[Result "1-0"]
[WhiteTitle "WIM"]
[BlackTitle "FM"]
[WhiteElo "2244"]
[BlackElo "2252"]
[WhiteTeam "Peru"]
[BlackTeam "Brazil"]
[WhiteFideId "3804178"]
[BlackFideId "2109220"]
[EventDate "2021.09.08"]
[EventType "team"]

1. e4 c5 2. Nf3 e6 3. d4 cxd4 4. Nxd4 a6 5. Bd3 Nf6 6. O-O Qc7 7. c4 Be7 8. Qe2
d6 9. Nc3 b6 10. f4 Nbd7 11. Kh1 O-O 12. Bd2 Bb7 13. Rae1 g6 14. b3 Rfe8 15. Bb1
Rad8 16. Nf3 Bf8 17. e5 d5 18. exf6 dxc4 19. bxc4 Nxf6 20. Ne4 Nxe4 21. Bxe4
Bxe4 22. Qxe4 Bg7 23. Rc1 Rc8 24. Bc3 Bxc3 25. Rxc3 b5 26. c5 Red8 27. h3 Rd5
28. c6 a5 29. Ne5 f6 30. Nxg6 Qf7 31. f5 Rd6 32. Nf4 exf5 33. Qxf5 Rcxc6 34.
Rxc6 Rxc6 35. Nh5 Qg6 36. Nxf6+ Kg7 37. Qd7+ 1-0

[Event "Online Olym Top DivD 2021"]
[Site "chess.com INT"]
[Date "2021.09.10"]
[Round "8.3"]
[Board "4"]
[White "Alboredo, Julia"]
[Black "Aliaga Fernandez, Ingrid Y"]
[Result "1/2-1/2"]
[WhiteTitle "WFM"]
[BlackTitle "WIM"]
[WhiteElo "2183"]
[BlackElo "2201"]
[WhiteTeam "Brazil"]
[BlackTeam "Peru"]
[WhiteFideId "2124807"]
[BlackFideId "3802191"]
[EventDate "2021.09.08"]
[EventType "team"]

1. d4 d5 2. c4 dxc4 3. e4 e5 4. d5 f5 5. Bxc4 Nf6 6. exf5 Bxf5 7. Nf3 Bd6 8. Nc3
Nbd7 9. Ng5 a6 10. Ne6 Qe7 11. Be3 b5 12. Bb3 Nb6 13. Bxb6 cxb6 14. Qf3 Bg4 15.
Qe3 Bxe6 16. dxe6 O-O 17. O-O Bc5 18. Qg3 Kh8 19. Nd5 Nxd5 20. Bxd5 Rad8 21.
Qxe5 Bd6 22. Qe4 Rf4 23. Qe3 Rdf8 24. g3 R4f5 25. Bg2 Bc5 26. Qe4 Rxf2 27. Rxf2
Bxf2+ 28. Kh1 Bc5 29. Rd1 Rd8 30. Rxd8+ Qxd8 31. Qd5 Qxd5 32. Bxd5 g6 33. Kg2
Kg7 34. Kf3 1/2-1/2

[Event "Online Olym Top DivD 2021"]
[Site "chess.com INT"]
[Date "2021.09.10"]
[Round "8.3"]
[Board "5"]
[White "Quirhuayo Chumbe, German Gonzalo"]
[Black "Labussiere, Victor"]
[Result "1-0"]
[WhiteTitle "IM"]
[BlackTitle "FM"]
[WhiteElo "2296"]
[BlackElo "2291"]
[WhiteTeam "Peru"]
[BlackTeam "Brazil"]
[WhiteFideId "3813509"]
[BlackFideId "2183129"]
[EventDate "2021.09.08"]
[EventType "team"]

1. e4 c5 2. Nf3 e6 3. c4 Nc6 4. Nc3 Nf6 5. Be2 Be7 6. d4 cxd4 7. Nxd4 d5 8. exd5
exd5 9. O-O O-O 10. Bf3 Nxd4 11. Qxd4 dxc4 12. Qxc4 Be6 13. Qa4 Qb6 14. b3 Rac8
15. Be3 Bc5 16. Bxc5 Rxc5 17. Qd4 Rd8 18. Qe3 Qa5 19. Na4 Re5 20. Qf4 Rf5 21.
Qg3 b5 22. Nb2 h5 23. Nd1 b4 24. Ne3 Rg5 25. Qf4 Rc5 26. a3 Rb5 27. Nc4 Bxc4 28.
bxc4 Rc5 29. axb4 Qxb4 30. Rxa7 Qxc4 31. Qe3 Rc7 32. Rxc7 Qxc7 33. Rc1 Qd7 34.
h3 Qd2 35. Qc5 Qf4 36. Re1 g5 37. Re5 Re8 38. Rxg5+ Kh8 39. Qa5 Qc1+ 40. Kh2
Qf4+ 41. g3 Qxf3 42. Rf5 Qc6 43. Qd2 Nh7 44. Rxf7 Kg8 45. Rf5 Qg6 46. Qd5+ Re6
47. Re5 Nf8 48. Rg5 Kg7 49. f4 Rf6 50. Rxg6+ Nxg6 51. Qxh5 1-0

[Event "Online Olym Top DivD 2021"]
[Site "chess.com INT"]
[Date "2021.09.10"]
[Round "8.3"]
[Board "6"]
[White "De Freitas, Isabella Ribeiro Conti"]
[Black "Caballero Quijano, Mitzy Mishell"]
[Result "0-1"]
[BlackTitle "WIM"]
[WhiteElo "1909"]
[BlackElo "1996"]
[WhiteTeam "Brazil"]
[BlackTeam "Peru"]
[WhiteFideId "2173328"]
[BlackFideId "3807223"]
[EventDate "2021.09.08"]
[EventType "team"]

1. c4 e5 2. Nc3 Nf6 3. g3 d6 4. Bg2 c6 5. Nf3 Be6 6. d3 g6 7. O-O Bg7 8. Rb1 O-O
9. Bd2 h6 10. b4 Nbd7 11. a4 d5 12. cxd5 cxd5 13. Qc1 d4 14. Nb5 Rc8 15. Qa3 Qb6
16. Qa1 Nd5 17. Rfc1 Rxc1+ 18. Rxc1 a6 19. Na3 Nxb4 20. a5 Qd6 21. Rb1 Nc6 22.
Rxb7 Bd5 23. Rb1 Nc5 24. Nc4 Bxc4 25. dxc4 e4 26. Ne1 d3 27. Qa3 dxe2 28. Qe3
Rd8 29. Bc1 Qd1 0-1

[Event "Online Olym Top DivD 2021"]
[Site "chess.com INT"]
[Date "2021.09.10"]
[Round "8.4"]
[Board "3"]
[White "Forgas Moreno, Yaniela"]
[Black "Ouellet, Maili-Jade"]
[Result "1-0"]
[WhiteTitle "WIM"]
[BlackTitle "WGM"]
[WhiteElo "2310"]
[BlackElo "2254"]
[WhiteTeam "Cuba"]
[BlackTeam "Canada"]
[WhiteFideId "3508072"]
[BlackFideId "2620472"]
[EventDate "2021.09.08"]
[EventType "team"]

1. e4 c5 2. Nf3 d6 3. d4 cxd4 4. Nxd4 Nf6 5. Nc3 a6 6. Be2 e5 7. Nb3 Be6 8. O-O
Be7 9. Kh1 Nbd7 10. f4 exf4 11. Bxf4 Ne5 12. Nd4 Ng6 13. Bg5 Qd7 14. Qe1 Rc8 15.
Rd1 b5 16. Ndxb5 axb5 17. Bxb5 Rc6 18. Nd5 Qb7 19. Bxc6+ Qxc6 20. Nxf6+ gxf6 21.
Bxf6 Bxf6 22. Rxf6 Ke7 23. Rf2 h5 24. Qb4 Ne5 25. Rfd2 Rd8 26. b3 h4 27. h3 Ng6
28. Qd4 Rd7 29. a4 Nf4 30. Qe3 Ng6 31. a5 Qb5 32. Qb6 Qxb6 33. axb6 Ne5 34. Ra1
Nc6 35. c4 Rb7 36. Ra6 Bc8 37. Rb2 Nb4 38. Ra7 Ke6 39. Rxb7 Bxb7 40. Re2 Nd3 41.
Kh2 Nc5 42. b4 Nxe4 43. Ra2 Kd7 44. b5 Nc5 45. Rf2 Ke6 46. Rf4 Na4 47. Rxh4 Nxb6
48. Rd4 Ke5 49. Rg4 Be4 50. h4 Nxc4 51. h5 d5 52. h6 Kf6 53. Kg3 Ne5 54. Rg8 d4
55. Kf4 Bg6 56. Rd8 Nd3+ 57. Kg4 Ne5+ 58. Kf4 Nd3+ 59. Kf3 Ne5+ 60. Ke2 d3+ 61.
Ke1 Kg5 62. b6 Kxh6 63. b7 Nc6 64. Rc8 Nd4 65. b8=Q Ne6 66. Qh2+ Kg5 67. Kd2 Kf6
68. Rc6 Kg5 69. Qe5+ Kh6 70. Rc8 Ng5 71. Qf4 Bh7 72. Rc5 f6 73. Qxf6+ 1-0

[Event "Online Olym Top DivD 2021"]
[Site "chess.com INT"]
[Date "2021.09.10"]
[Round "8.4"]
[Board "4"]
[White "Golubeva, Oksana"]
[Black "Miranda Llanes, Yerisbel"]
[Result "1-0"]
[WhiteTitle "WFM"]
[BlackTitle "WIM"]
[WhiteElo "2179"]
[BlackElo "2259"]
[WhiteTeam "Canada"]
[BlackTeam "Cuba"]
[WhiteFideId "4170164"]
[BlackFideId "3507700"]
[EventDate "2021.09.08"]
[EventType "team"]

1. Nf3 d5 2. e3 Nf6 3. c4 e6 4. Nc3 Be7 5. g4 c5 6. g5 Ne4 7. h4 Nc6 8. Qc2 Nxc3
9. dxc3 e5 10. cxd5 Qxd5 11. e4 Qd6 12. Bb5 Bg4 13. Be2 O-O-O 14. Bd2 Qe6 15. b3
f5 16. gxf6 gxf6 17. O-O-O f5 18. Bc4 Qd7 19. Be3 Nd4 20. cxd4 Bxf3 21. exf5 Kb8
22. dxe5 Qc6 23. f6 Bxf6 24. exf6 Qxf6 25. Kb1 Bxh1 26. Rxh1 Qf3 27. Rg1 b6 28.
Kb2 Rhf8 29. Be2 Qf6+ 30. Qc3 Qxc3+ 31. Kxc3 Rd7 32. Rg4 Rdf7 33. Rg5 Kb7 34.
Bd3 Re8 35. Rh5 Ree7 36. Bc4 Rg7 37. Bd5+ Ka6 38. a4 Rg1 39. Rf5 Rg4 40. h5 Ka5
41. h6 a6 42. Rf7 Rxf7 43. Bxf7 Rh4 44. Bg8 b5 45. axb5 axb5 46. Bxh7 b4+ 47.
Kd3 Kb5 48. Bg8 Kc6 49. h7 Kd6 50. Bg5 Rh3+ 51. Ke4 c4 52. Bxc4 Rxh7 53. Bf4+
Kc5 54. Be5 Rh1 55. f4 Re1+ 56. Kf5 Rg1 57. Ke6 Rg6+ 58. Ke7 Rh6 59. f5 Rh5 60.
Bd6+ Kd4 61. f6 Kc3 62. f7 1-0

[Event "Online Olym Top DivD 2021"]
[Site "chess.com INT"]
[Date "2021.09.10"]
[Round "8.4"]
[Board "6"]
[White "Demchenko, Svitlana"]
[Black "Obregon Garcia, Roxangel"]
[Result "1-0"]
[WhiteTitle "WIM"]
[BlackTitle "WIM"]
[WhiteElo "2285"]
[BlackElo "2167"]
[WhiteTeam "Canada"]
[BlackTeam "Cuba"]
[WhiteFideId "14149893"]
[BlackFideId "3520420"]
[EventDate "2021.09.08"]
[EventType "team"]

1. e4 c5 2. Nf3 Nc6 3. c3 d5 4. exd5 Qxd5 5. d4 Bf5 6. Be3 cxd4 7. Nxd4 Nf6 8.
Na3 Nxd4 9. Qxd4 Qxd4 10. Bxd4 e5 11. Bxe5 Bxa3 12. bxa3 O-O 13. O-O-O Ne4 14.
Bd4 Rac8 15. Kb2 Rfd8 16. Be2 b6 17. Ba6 Rb8 18. Be2 h6 19. g4 Be6 20. f4 Nc5
21. h4 Na4+ 22. Kc2 Bxa2 23. g5 hxg5 24. hxg5 Rbc8 25. Ba6 Rc7 26. Be5 Rcd7 27.
Rxd7 Rxd7 28. Bb5 Nc5 29. Bxd7 Nxd7 30. Bd4 Be6 31. Re1 Bf5+ 32. Kb2 f6 33. gxf6
gxf6 34. Re8+ Kf7 35. Ra8 Ke6 36. Rxa7 Kd5 37. a4 Kc6 38. Ra8 Be4 39. Rh8 f5 40.
Rh6+ Kc7 41. Be5+ Kb7 42. Bd4 Kc7 43. Ka3 Kb7 44. Kb4 Bc6 45. Rh7 Kc7 46. Be5+
Kb7 47. Rf7 Ka6 48. Rxf5 Nc5 49. Rf6 Bxa4 50. Bd4 Bd7 51. Bxc5 1-0

[Event "Online Olym Top DivD 2021"]
[Site "chess.com INT"]
[Date "2021.09.10"]
[Round "8.5"]
[Board "1"]
[White "Duda, Jan-Krzysztof"]
[Black "Xiong, Jeffery"]
[Result "1-0"]
[WhiteTitle "GM"]
[BlackTitle "GM"]
[WhiteElo "2756"]
[BlackElo "2700"]
[WhiteTeam "Poland"]
[BlackTeam "United States of America"]
[WhiteFideId "1170546"]
[BlackFideId "2047640"]
[EventDate "2021.09.08"]
[EventType "team"]

1. d4 d5 2. Bf4 Nf6 3. e3 e6 4. Nf3 c5 5. Nbd2 Qb6 6. Rb1 cxd4 7. exd4 Bd7 8. c3
Bb5 9. g3 Nbd7 10. a4 Bxf1 11. Kxf1 Be7 12. Kg2 O-O 13. Qe2 Qc6 14. Ra1 Rfc8 15.
h4 a6 16. a5 Qb5 17. Qxb5 axb5 18. Rhc1 Ra6 19. b4 Rac6 20. Nb3 Rxc3 21. Rxc3
Rxc3 22. Nc5 Rc4 23. Nxb7 Rxb4 24. a6 Nb6 25. Bc7 Na8 26. Ba5 Rc4 27. Ne5 Rc2
28. Rb1 Ne4 29. Rxb5 f6 30. Nd3 Rc6 31. Nbc5 Nxc5 32. dxc5 Rxa6 33. Nb4 1-0

[Event "Online Olym Top DivD 2021"]
[Site "chess.com INT"]
[Date "2021.09.10"]
[Round "8.5"]
[Board "2"]
[White "Robson, Ray"]
[Black "Wojtaszek, Radoslaw"]
[Result "1/2-1/2"]
[WhiteTitle "GM"]
[BlackTitle "GM"]
[WhiteElo "2673"]
[BlackElo "2698"]
[WhiteTeam "United States of America"]
[BlackTeam "Poland"]
[WhiteFideId "2023970"]
[BlackFideId "1118358"]
[EventDate "2021.09.08"]
[EventType "team"]

1. e4 e5 2. Nf3 Nc6 3. Bb5 a6 4. Ba4 Nf6 5. O-O Be7 6. Re1 b5 7. Bb3 O-O 8. d3
d6 9. Bd2 Bg4 10. c3 Na5 11. Bc2 c5 12. h3 Bh5 13. Bc1 Qc7 14. Nbd2 Rad8 15. Qe2
Rfe8 16. Nf1 d5 17. exd5 Rxd5 18. Ng3 Bg6 19. Nh4 c4 20. dxc4 Nxc4 21. Nxg6 hxg6
22. Bb3 Bc5 23. Bg5 e4 24. Bxf6 Qxg3 25. Bxc4 bxc4 26. Bd4 Bxd4 27. cxd4 Qd6 28.
Rac1 Rxd4 29. Rxc4 Rd2 30. Qe3 Rxb2 31. Rxe4 Rxe4 32. Qxe4 Qf6 1/2-1/2

[Event "Online Olym Top DivD 2021"]
[Site "chess.com INT"]
[Date "2021.09.10"]
[Round "8.5"]
[Board "4"]
[White "Zatonskih, Anna"]
[Black "Cyfka, Karina"]
[Result "1/2-1/2"]
[WhiteTitle "IM"]
[BlackTitle "IM"]
[WhiteElo "2423"]
[BlackElo "2405"]
[WhiteTeam "United States of America"]
[BlackTeam "Poland"]
[WhiteFideId "14101572"]
[BlackFideId "1122681"]
[EventDate "2021.09.08"]
[EventType "team"]

1. d4 Nf6 2. Nf3 e6 3. c4 Bb4+ 4. Bd2 Qe7 5. g3 Bxd2+ 6. Qxd2 Nc6 7. a3 d5 8.
Bg2 O-O 9. O-O Rd8 10. Rc1 a5 11. Qc3 Ne4 12. Qc2 a4 13. e3 Bd7 14. Nbd2 f5 15.
Rab1 Be8 16. Ne1 Nxd2 17. Qxd2 Na5 18. cxd5 exd5 19. Qb4 Qf7 20. Nd3 c6 21. Ne5
Qf6 22. Qxa4 Nc4 23. Qd1 Nxe5 24. dxe5 Qxe5 25. Qd4 Qxd4 26. exd4 f4 27. Re1 Bg6
28. Rbd1 fxg3 29. hxg3 Re8 30. f4 Kf7 31. Re5 Rxe5 32. dxe5 Bf5 33. Bf3 Ra4 34.
Kf2 g6 35. g4 Be6 36. Kg3 Rc4 37. Rd2 Kg7 38. Rf2 Rd4 39. Bg2 Rd3+ 40. Rf3 Rxf3+
41. Bxf3 b6 42. b4 Kf7 43. Bd1 d4 44. Bf3 c5 45. bxc5 bxc5 46. a4 c4 47. a5 c3
48. a6 c2 49. a7 c1=Q 50. a8=Q Qe1+ 51. Kg2 Qd2+ 52. Kg3 Qe1+ 53. Kg2 Qd2+ 54.
Kg3 Qe1+ 1/2-1/2

[Event "Online Olym Top DivD 2021"]
[Site "chess.com INT"]
[Date "2021.09.10"]
[Round "8.5"]
[Board "5"]
[White "Teclaf, Pawel"]
[Black "Liang, Awonder"]
[Result "1-0"]
[WhiteTitle "IM"]
[BlackTitle "GM"]
[WhiteElo "2543"]
[BlackElo "2590"]
[WhiteTeam "Poland"]
[BlackTeam "United States of America"]
[WhiteFideId "1185934"]
[BlackFideId "2056437"]
[EventDate "2021.09.08"]
[EventType "team"]

1. e4 c6 2. c4 g6 3. d4 Bg7 4. Nc3 d6 5. Nf3 Nf6 6. Be2 O-O 7. O-O e5 8. Re1
exd4 9. Nxd4 Re8 10. Bf1 a5 11. Bf4 Nh5 12. Be3 Na6 13. Qd2 Nc5 14. Rad1 Bd7 15.
Nde2 Be6 16. Qxd6 Qxd6 17. Rxd6 Na6 18. Nf4 Be5 19. Nxh5 Bxd6 20. Nf6+ Kf8 21.
Nxe8 Kxe8 22. Rd1 Be7 23. e5 Nc5 24. Nd5 cxd5 25. cxd5 Rc8 26. dxe6 Nxe6 27.
Bb5+ Kf8 28. g3 Bg5 29. f4 Be7 30. Kg2 Bc5 31. Kf3 Bxe3 32. Kxe3 Rc2 33. Rd2 Rc1
34. b3 Nc7 35. Bc4 Ke7 36. a4 Re1+ 37. Kf2 Rh1 38. Kg2 Rc1 39. Rd6 Rc2+ 40. Kf3
Rxh2 41. Rb6 Ne6 42. Rxb7+ Ke8 43. Ra7 Rb2 44. Ke3 Rg2 45. Kf3 Rb2 46. Rxa5 Nd4+
47. Kg4 h5+ 48. Kg5 Rg2 49. Kf6 Rxg3 50. Bxf7+ Kd7 51. Rd5+ 1-0

[Event "Online Olym Top DivD 2021"]
[Site "chess.com INT"]
[Date "2021.09.10"]
[Round "8.5"]
[Board "6"]
[White "Cervantes Landeiro, Thalia"]
[Black "Sliwicka, Alicja"]
[Result "0-1"]
[WhiteTitle "FM"]
[BlackTitle "WIM"]
[WhiteElo "2175"]
[BlackElo "2304"]
[WhiteTeam "United States of America"]
[BlackTeam "Poland"]
[WhiteFideId "3520498"]
[BlackFideId "1150677"]
[EventDate "2021.09.08"]
[EventType "team"]

1. d4 Nf6 2. c4 c5 3. d5 b5 4. cxb5 a6 5. bxa6 g6 6. Nc3 Bg7 7. Nf3 O-O 8. a7
Rxa7 9. e4 d6 10. a4 e6 11. Be2 exd5 12. exd5 Na6 13. O-O Rd7 14. Nd2 Nb4 15.
Nc4 Bb7 16. Bf3 Ba6 17. Nb5 Qb8 18. Bf4 Ne8 19. Qe2 Bxb5 20. axb5 Nf6 21. Ne3
Re8 22. Qc4 Rb7 23. Ra5 Nd7 24. Rb1 Ne5 25. Bxe5 Bxe5 26. Qf1 Qd8 27. Nc4 Bd4
28. Re1 Rxe1 29. Qxe1 Nd3 30. Qe2 Nxf2 31. b6 Re7 32. Qf1 Kg7 33. g3 Re1 34.
Qxe1 Nd3+ 35. Kf1 Nxe1 36. Kxe1 Bxb2 37. Ra7 Qb8 38. Be2 Bd4 39. Bg4 Kf6 40. Bd7
Bc3+ 41. Kf1 Kg5 42. Bc6 Qf8 43. b7 Qe7 44. Ra2 Qe1+ 45. Kg2 Qe4+ 46. Kh3 Qg4+
47. Kg2 Qxc4 48. b8=Q Qxa2+ 49. Kh3 Qf2 50. Qb1 Qf5+ 51. Qxf5+ Kxf5 52. Kg2 Ke4
53. Kf2 Kd3 54. g4 c4 55. g5 Bd2 56. h4 c3 57. Bb5+ Kd4 58. Ba4 Kxd5 59. Ke2 Ke4
60. Be8 Bf4 61. Kd1 d5 62. Bxf7 Kd3 63. Bxd5 c2+ 0-1

[Event "Online Olym Top DivD 2021"]
[Site "chess.com INT"]
[Date "2021.09.10"]
[Round "9.1"]
[Board "1"]
[White "Xiong, Jeffery"]
[Black "Arenas, David"]
[Result "1/2-1/2"]
[WhiteTitle "GM"]
[BlackTitle "GM"]
[WhiteElo "2700"]
[BlackElo "2455"]
[WhiteTeam "United States of America"]
[BlackTeam "Colombia"]
[WhiteFideId "2047640"]
[BlackFideId "4403177"]
[EventDate "2021.09.08"]
[EventType "team"]

1. d4 Nf6 2. Nf3 e6 3. Bf4 c5 4. e3 cxd4 5. exd4 b6 6. a4 a6 7. Nbd2 Bb7 8. Bd3
d6 9. O-O Be7 10. Re1 O-O 11. h3 Nbd7 12. Bh2 Re8 13. c3 Bf8 14. Qe2 Qc7 15. Nf1
h6 16. Ne3 Qc6 17. Rec1 e5 18. Bc4 e4 19. Nh4 d5 20. Bb3 b5 21. axb5 axb5 22.
Rxa8 Rxa8 23. Qf1 Nb6 24. Ra1 Rxa1 25. Qxa1 b4 26. Qa5 bxc3 27. bxc3 g6 28. Be5
Nfd7 29. Bg3 Be7 30. f3 Bxh4 31. Bxh4 exf3 32. gxf3 Qe6 33. Bf2 Qxh3 34. Qa7 Bc6
35. Qc7 Qe6 36. Kg2 h5 37. Qf4 Kg7 38. Bh4 f6 39. Bf2 Nc8 40. Qc7 Ne7 41. Bc2
Nf8 42. Bd3 Qd7 43. Qb8 Ne6 44. Bg3 Qb7 45. Qd6 Kf7 46. Qa3 Qd7 47. Kf2 Ng5 48.
Qd6 Qxd6 49. Bxd6 f5 50. c4 dxc4 51. Bxc4+ Ke8 52. d5 Ba4 53. Bc5 Nf7 54. f4 Kd7
55. Ba2 Nd6 56. Bxd6 Kxd6 57. Nc4+ Kc5 58. d6 Nc8 59. Ne5 Nxd6 60. Nxg6 Kd4 61.
Bb1 Ne4+ 62. Kg2 Ke3 63. Kh3 Be8 64. Ne7 Kxf4 65. Kh4 Bf7 66. Bc2 Ke5 67. Nc6+
Kf6 68. Nd4 Nd6 69. Bd1 Ke5 70. Nc6+ Ke4 71. Nd8 Bd5 72. Kxh5 f4 73. Kg5 Nc4 74.
Bh5 Ke3 75. Kf6 Bf3 76. Bxf3 Kxf3 77. Ne6 Ne3 78. Nxf4 1/2-1/2

[Event "Online Olym Top DivD 2021"]
[Site "chess.com INT"]
[Date "2021.09.10"]
[Round "9.1"]
[Board "2"]
[White "Gallego Alcaraz, Andres Felipe"]
[Black "Swiercz, Dariusz"]
[Result "0-1"]
[WhiteTitle "GM"]
[BlackTitle "GM"]
[WhiteElo "2512"]
[BlackElo "2647"]
[WhiteTeam "Colombia"]
[BlackTeam "United States of America"]
[WhiteFideId "4402669"]
[BlackFideId "1126881"]
[EventDate "2021.09.08"]
[EventType "team"]

1. d4 Nf6 2. c4 g6 3. Nc3 Bg7 4. e4 d6 5. Nf3 O-O 6. Be2 e5 7. O-O Na6 8. Be3 c6
9. d5 Ng4 10. Bg5 f6 11. Bh4 c5 12. Ne1 h5 13. Nd3 Bd7 14. a3 Qe8 15. b4 g5 16.
h3 gxh4 17. hxg4 hxg4 18. Bxg4 f5 19. Bh5 Qe7 20. bxc5 Nxc5 21. Nxc5 dxc5 22.
Rb1 b6 23. Bg6 Qg5 24. exf5 Bxf5 25. Bxf5 Qxf5 26. Qe2 e4 27. Nxe4 Rae8 28. f3
Bd4+ 29. Kh1 Qf4 30. Rbd1 Re7 31. Qd2 Be3 32. Qe2 Rg7 33. d6 Bd4 34. Qd2 Qf5 35.
Qe2 Kh8 36. Rde1 Rfg8 37. g4 hxg3 38. Kg2 Qh3+ 39. Kxh3 Rh7+ 40. Kg2 Rh2# 0-1